| Registos Bibliográficos associados ao registo de autoridade |
|
Etiqueta de registo: 00254nam 2200025 450 001 2285745 003 http://id.bnportugal.gov.pt/bib/catbnp/2285745 010 ## $a978-972-44-2943-4 021 ## $aPT$b561062/26 100 ## $a20260505d2026 m y0pory01030103ba 101 1# $apor$ceng 102 ## $aPT 105 ## $aa z 000yd 106 ## $ar 200 1# $aLudwig Wittgenstein$efilosofia na era dos aviões$fAnthony Gottlieb$gtrad. Jorge Melícias 210 #9 $aCoimbra$cEdições 70,$d2026 215 ## $a202, [3] p.$cil.$d24 cm 304 ## $aTít. orig.: Ludwig Wittgenstein : philosophy in the age of airplanes 600 #1 $aWittgenstein,$bLudwig,$f1889-1951$j[Biografias]$2SIPOR$3895383 675 ## $a1Wittgenstein, Ludwig$vBN$zpor$31044846 675 ## $a929Wittgenstein, Ludwig$vBN$zpor$3478568 700 #1 $aGottlieb,$bAnthony$31997647 702 #1 $aMelícias,$bJorge,$f1970-$4730$3135145 801 #0 $aPT$bBN$gRPC 856 41 $uhttp://rnod.bnportugal.gov.pt/ImagesBN/winlibimg.aspx?skey=&doc=2285745&img=223676&save=true 966 ## $lBN$mFGMON$sH.G. 89286 V.$x1 966 ## $lBN$mFGMON$sH.G. 89286 V.-D$x1 971 ## $cisantos$d20260505 973 ## $csteixeira$d20260609 974 ## $e0$d20260618$vaalmeid
|
|
|